Mujeres : (Record no. 197916)

MARC details
000 -LEADER
campo de control de longitud fija 01990nam a22004334i 4500
001 - NÚMERO DE CONTROL
campo de control 197916
003 - IDENTIFICADOR DE NÚMERO DE CONTROL
campo de control ES-MaACL
005 - FECHA Y HORA DE LA ÚLTIMA TRANSACCIÓN
campo de control 20251126063250.0
007 - CAMPO FIJO DE DESCRIPCIÓN FÍSICA--INFORMACIÓN GENERAL
campo de control de longitud fija ta
008 - DATOS DE LONGITUD FIJA--INFORMACIÓN GENERAL
campo de control de longitud fija 251030s2025 sp a ||| 001 0 spa d
017 ## - NÚMERO DE COPYRIGHT O DE DEPÓSITO LEGAL
Número de copyright o de depósito legal V 2167-2025
Agencia que asigna Oficina Depósito Legal Valencia
020 ## - NÚMERO INTERNACIONAL ESTÁNDAR DEL LIBRO
Número Internacional Estándar del Libro 978-84-482-7066-7
040 ## - FUENTE DE CATALOGACIÓN
Centro catalogador/agencia de origen ES-MaACL
Lengua de catalogación spa
Centro/agencia transcriptor ES-MaACL
Normas de descripción rda
080 ## - NÚMERO DE LA CLASIFICACIÓN DECIMAL UNIVERSAL
Número de la Clasificación Decimal Universal 75-055.2(083.824)
080 ## - NÚMERO DE LA CLASIFICACIÓN DECIMAL UNIVERSAL
Número de la Clasificación Decimal Universal 75 Navarro Ramón, Juan (083.824)
100 ## - ENTRADA PRINCIPAL--NOMBRE DE PERSONA
Nombre de persona Navarro Ramón, Juan,
Fechas asociadas al nombre 1903-1989
Término indicativo de función/relación Artista
9 (RLIN) 242454
245 10 - MENCIÓN DEL TÍTULO
Título Mujeres :
Resto del título la mirada pictórica de Navarro Ramón : del 13.12.2024 al 14.09.2025, Museo de Bellas Artes de Alicante / comisario, Juana María Balsalobre; textos Juana María Balsalobre [y otros tres] ; fotografía, Juan Peiró
264 #1 - PRODUCCIÓN, PUBLICACIÓN, DISTRIBUCIÓN, FABRICACIÓN Y COPYRIGHT
Producción, publicación, distribución, fabricación y copyright [Valencia] :
Nombre del de productor, editor, distribuidor, fabricante Consorci de Museus de la Comunitat Valenciana ;
Producción, publicación, distribución, fabricación y copyright [Alicante] :
Nombre del de productor, editor, distribuidor, fabricante Mubag, Museu Belles Arts Alacant,
Fecha de producción, publicación, distribución, fabricación o copyright [2025]
300 ## - DESCRIPCIÓN FÍSICA
Extensión 254 páginas :
Otras características físicas ilustraciones (blanco y negro y color) ;
Dimensiones 30 cm.
336 ## - TIPO DE CONTENIDO
Fuente rdacontent
Término de tipo de contenido texto
-- imagen fija
337 ## - TIPO DE MEDIO
Fuente rdamedia
Nombre/término del tipo de medio sin mediación
338 ## - TIPO DE SOPORTE
Fuente rdacarrier
Nombre/término del tipo de soporte volumen
500 ## - NOTA GENERAL
Nota general Exposición: Museo de Bellas Artes de Alicante, del 13 de diciembre del 2024 al 14 de septiembre del 2025
500 ## - NOTA GENERAL
Nota general Texto a dos columnas
504 ## - NOTA DE BIBLIOGRAFÍA, ETC.
Nota de bibliografía, etc. Incluye referencias bibliográficas e índice
546 ## - NOTA DE IDIOMA
Nota de lengua/lenguaje Texto en castellano y valenciano
600 10 - PUNTO DE ACCESO ADICIONAL DE MATERIA--NOMBRE DE PERSONA
Nombre de persona Navarro Ramón, Juan,
Fechas asociadas al nombre 1903-1989-
Subdivisión de forma Exposiciones
9 (RLIN) 242519
650 #4 - PUNTO DE ACCESO ADICIONAL DE MATERIA--TÉRMINO DE MATERIA
Término de materia o nombre geográfico como elemento de entrada Mujeres-
Subdivisión general En el arte-
9 (RLIN) 15330
Subdivisión de forma Exposiciones
655 #7 - TERMINO DE INDIZACIÓN--GENERO/FORMA
Fuente del término tgfbne
9 (RLIN) 193628
Datos o término principal de género/forma Catálogos de exposiciones
700 1# - ENTRADA AGREGADA--NOMBRE PERSONAL
9 (RLIN) 242517
Nombre de persona Balsalobre, Juana María
Término indicativo de función/relación Comisario
-- Autor
700 1# - ENTRADA AGREGADA--NOMBRE PERSONAL
9 (RLIN) 242518
Nombre de persona Peiró, Juan
Término indicativo de función/relación Fotógrafo
710 1# - ENTRADA AGREGADA--NOMBRE DE ENTIDAD CORPORATIVA
9 (RLIN) 242520
Nombre de entidad corporativa o nombre de jurisdicción como elemento de entrada Museo de Bellas Artes de Alicante
Término indicativo de función/relación Sede
852 ## - LOCALIZACIÓN
Ubicación ES-MaACL
Ubicación en estantería Depósito 1
Número de control de estantería A-15823
Encuadernación Encuadernación rústica
itemnumber 206928
942 ## - ELEMENTOS DE ENTRADA SECUNDARIOS (KOHA)
Tipo de ítem Koha Libro impreso
Suprimir en OPAC No
Holdings
Estatus retirado Estado de pérdida Fuente del sistema de clasificación o colocación Estado de daño No para préstamo Biblioteca de origen Biblioteca actual Ubicación en estantería Fecha de adquisición Fuente de adquisición Total de préstamos Signatura topográfica completa Código de barras Visto por última vez Precio de reemplazo Tipo de ítem Koha
    Clasificación decimal universal     Biblioteca del Ateneo de Madrid Biblioteca del Ateneo de Madrid Depósito 1 19/11/2025 Donación   A-15823 2025-1293 19/11/2025 19/11/2025 Libro impreso